[Event "Verbandsliga Suedbaden 2223"]
[Site "Germany"]
[Date "2023.01.22"]
[Round "5.5"]
[White "Mohebbi, Jaffar"]
[Black "Xheladini, Mahmut"]
[Result "0-1"]
[WhiteElo "2253"]
[BlackElo "2201"]
[PlyCount "129"]
[EventDate "2022.09.25"]
[EventType "team-tourn"]
[EventRounds "9"]
[EventCountry "GER"]
[SourceTitle "EXT 2024"]
[Source "ChessBase"]
[SourceDate "2023.10.10"]
[SourceVersion "1"]
[SourceVersionDate "2023.10.10"]
[SourceQuality "1"]
[WhiteTeam "Baden-Baden IV"]
[BlackTeam "Dreilaendereck"]
[WhiteTeamCountry "GER"]
[BlackTeamCountry "GER"]

1. e4 d6 2. d4 c6 3. Nc3 Nd7 4. f4 e5 5. Nf3 Qa5 6. Be3 h6 7. Bd3 Ngf6 8. 0-0 Ng4 9. Bd2 Qb6 10. Na4 Qc7 11. h3 Ngf6 12. fxe5 dxe5 13. Nxe5 Nxe5 14. dxe5 Qxe5 15. Bc3 Qg5 16. Qf3 Be6 17. Bxf6 gxf6 18. Qxf6 Rg8 19. Qxg5 hxg5 20. g4 Bd6 21. Rf3 b5 22. Nc3 a5 23. Rd1 a4 24. a3 Be5 25. Nd5 Rh8 26. Bf1 cxd5 27. Bxb5+ Ke7 28. exd5 Rad8 29. c4 Bd7 30. Re3 f6 31. Bxd7 Kxd7 32. c5 Rhe8 33. Kg2 Bxb2 34. Rdd3 Rc8 35. c6+ Kd6 36. Kf3 Rb8 37. Rxe8 Rxe8 38. Rd2 Be5 39. Rd1 Rb8 40. Ke4 Rb3 41. Rc1 Kc7 42. Rc4 Rxa3 43. Rb4 Ra1 44. Rb7+ Kc8 45. Ra7 Kb8 46. Rb7+ Kc8 47. Ra7 Rf1 48. d6 Bxd6 49. Kd5 Rd1+ 50. Ke6 a3 51. Kxf6 Rd3 52. Ke6 Rd2 53. h4 gxh4 54. g5 Bc5 55. Ra8+ Kc7 56. g6 Rg2 57. Kd5 Rg5+ 58. Kc4 Kxc6 59. Rc8+ Kb6 60. Rb8+ Kc7 61. Rh8 Be7 62. Rh7 Kd6 63. g7 Bf6 64. Rxh4 a2 65. Rh5 0-1

[Event "Baden-Baden Autumn op"]
[Site "Baden-Baden"]
[Date "2022.11.05"]
[Round "5"]
[White "Krieger, Markus"]
[Black "Mohebbi, Jaffar"]
[Result "1/2-1/2"]
[WhiteElo "2130"]
[BlackElo "2273"]
[PlyCount "93"]
[EventDate "2022.11.03"]
[EventType "swiss"]
[EventRounds "7"]
[EventCountry "GER"]
[SourceTitle "EXT 2024"]
[Source "ChessBase"]
[SourceDate "2023.10.10"]
[SourceVersion "1"]
[SourceVersionDate "2023.10.10"]
[SourceQuality "1"]

1. e4 c5 2. Nf3 Nc6 3. d4 cxd4 4. Nxd4 e5 5. Nb5 d6 6. c4 Be7 7. N1c3 a6 8. Na3 f5 9. exf5 Bxf5 10. Bd3 Be6 11. Nc2 Nf6 12. 0-0 0-0 13. b3 Qd7 14. Ne3 Nd4 15. Bb2 Bd8 16. Ne4 Nxe4 17. Bxe4 Bb6 18. Qd3 h6 19. Rad1 Rad8 20. Rd2 Rf6 21. Kh1 Rdf8 22. f3 Kh8 23. Nc2 Nxc2 24. Qxc2 Qe7 25. Rfd1 Bc8 26. Rd3 Qc7 27. Qd2 Ba5 28. Bc3 Bxc3 29. Qxc3 R8f7 30. Qd2 Rd7 31. a4 b6 32. Qb4 Qc5 33. Qxc5 bxc5 34. Kg1 Kg8 35. a5 Kf8 36. Kf2 Ke7 37. Ke3 Bb7 38. g3 g5 39. Rb1 Bxe4 40. fxe4 Rb7 41. Ke2 g4 42. Rf1 Rxf1 43. Kxf1 Ke6 44. Ke2 Rf7 45. Rd1 Rf3 46. Rd3 Rf6 47. Rd1 1/2-1/2

[Event "Verbandsliga Suedbaden 1920"]
[Site "Baden"]
[Date "2020.01.12"]
[Round "4.5"]
[White "Germer, Philipp"]
[Black "Mohebbi, Jaffar"]
[Result "1-0"]
[WhiteElo "2132"]
[BlackElo "2266"]
[PlyCount "103"]
[EventDate "2019.09.29"]
[EventType "team-tourn"]
[EventRounds "9"]
[EventCountry "GER"]
[SourceTitle "EXT 2021"]
[Source "ChessBase"]
[SourceDate "2020.10.23"]
[SourceVersion "1"]
[SourceVersionDate "2020.10.23"]
[SourceQuality "1"]
[WhiteTeam "Oberwinden"]
[BlackTeam "Baden-Baden IV"]
[WhiteTeamCountry "GER"]
[BlackTeamCountry "GER"]

1. e4 c5 2. Nf3 Nc6 3. d4 cxd4 4. Nxd4 e5 5. Nb5 d6 6. N1c3 a6 7. Na3 b5 8. Nd5 Nge7 9. c4 Nxd5 10. cxd5 Nd4 11. Be3 Be7 12. Bd3 0-0 13. 0-0 f5 14. Bxd4 exd4 15. exf5 Bxf5 16. Nc2 Qb6 17. Bxf5 Rxf5 18. Nxd4 Rf7 19. Ne6 Bf6 20. Qc2 Qb7 21. Qd2 Rc8 22. Rac1 Rc4 23. b3 Rxc1 24. Rxc1 Re7 25. Qd3 Re8 26. Qe4 Qf7 27. Rc6 Qh5 28. f3 Qh6 29. Ng5 Qh5 30. Rc8 Bd8 31. g4 Rxe4 32. gxh5 Re8 33. Kg2 Kf8 34. Ne6+ Ke7 35. Rxd8 Rxd8 36. Nxd8 Kxd8 37. b4 Ke7 38. Kg3 Kf7 39. Kg4 Kf6 40. Kf4 Ke7 41. Kg5 Kf7 42. Kf5 Ke7 43. h4 Kf7 44. Kg5 Ke7 45. f4 Kf7 46. a3 Ke7 47. f5 Kf8 48. h6 Kg8 49. hxg7 Kxg7 50. f6+ Kf7 51. Kf5 h6 52. h5 1-0

[Event "Verbandsliga Suedbaden 1819"]
[Site "Baden"]
[Date "2019.03.31"]
[Round "8.4"]
[White "Giesinger, Elias"]
[Black "Mohebbi, Jaffar"]
[Result "0-1"]
[WhiteElo "2141"]
[BlackElo "2266"]
[PlyCount "62"]
[EventDate "2018.10.14"]
[EventType "team-tourn"]
[EventRounds "9"]
[EventCountry "GER"]
[SourceTitle "EXT 2020"]
[Source "ChessBase"]
[SourceDate "2019.10.17"]
[SourceVersion "1"]
[SourceVersionDate "2019.10.17"]
[SourceQuality "1"]
[WhiteTeam "Gottmadingen"]
[BlackTeam "Baden-Baden IV"]
[WhiteTeamCountry "GER"]
[BlackTeamCountry "GER"]

1. d4 d6 2. Nf3 Bg4 3. g3 Bxf3 4. exf3 g6 5. h4 Bg7 6. h5 e6 7. Bg2 d5 8. c3 Nd7 9. Be3 Ne7 10. hxg6 hxg6 11. Rxh8+ Bxh8 12. Bg5 c5 13. dxc5 Nxc5 14. Be3 Qc7 15. Na3 Nf5 16. Bxc5 Qxc5 17. Nc2 Rc8 18. Qd2 Qa5 19. Kd1 Qb6 20. Ne3 d4 21. Nxf5 gxf5 22. c4 d3 23. Bf1 Qc6 24. Bxd3 Qxf3+ 25. Qe2 Qh1+ 26. Qf1 Qc6 27. Qe2 Rd8 28. Kc2 Qa4+ 29. Kc1 Qb4 30. Qd2 Bxb2+ 31. Qxb2 Qe1+ 0-1

[Event "Verbandsliga Suedbaden 1819"]
[Site "Baden"]
[Date "2018.10.14"]
[Round "1.3"]
[White "Daeschler, Florian"]
[Black "Mohebbi, Jaffar"]
[Result "1/2-1/2"]
[WhiteElo "2265"]
[BlackElo "2266"]
[PlyCount "205"]
[EventDate "2018.10.14"]
[EventType "team-tourn"]
[EventRounds "9"]
[EventCountry "GER"]
[SourceTitle "EXT 2020"]
[Source "ChessBase"]
[SourceDate "2019.10.17"]
[SourceVersion "1"]
[SourceVersionDate "2019.10.17"]
[SourceQuality "1"]
[WhiteTeam "Lahr"]
[BlackTeam "Baden-Baden IV"]
[WhiteTeamCountry "GER"]
[BlackTeamCountry "GER"]

1. d4 d6 2. Nf3 Bg4 3. c4 e5 4. dxe5 Bxf3 5. exf3 Nc6 6. e6 Qe7 7. Be2 fxe6 8. 0-0 g6 9. Nc3 Bg7 10. Ne4 Nf6 11. Ng5 0-0 12. Re1 h6 13. Nh3 e5 14. Bd3 Qf7 15. Bd2 Nh5 16. Qb1 Ne7 17. Re4 c6 18. Kh1 d5 19. Rg4 Nf5 20. Bb4 Rfd8 21. cxd5 cxd5 22. Rxg6 Qxg6 23. Bxf5 Qb6 24. Qe1 Qf6 25. Bg4 Qg6 26. Rc1 Kh8 27. Rc7 Nf6 28. Be6 Ne8 29. Bf7 Qf6 30. Rxb7 Nd6 31. Bxd6 Rxd6 32. Ng1 Rc8 33. Ne2 d4 34. Bb3 Rdc6 35. h3 Qg5 36. Kh2 Rg6 37. g3 Rd6 38. Qd1 Rf8 39. Qd3 Qf5 40. Qxf5 Rxf5 41. Kg2 a6 42. g4 Rf8 43. Ng3 Rfd8 44. Nf5 R6d7 45. Rb6 d3 46. Rxa6 Rb7 47. Nd6 Rxb3 48. Nf7+ Kg8 49. Nxd8 Rxb2 50. Rd6 d2 51. Kf1 Bf8 52. Rd3 Bb4 53. Ke2 Rb1 54. Rxd2 Bxd2 55. Kxd2 Rb6 56. Kc3 Rf6 57. Kc4 Rxf3 58. Nc6 Rxf2 59. Nxe5 Rxa2 60. Kd5 Rh2 61. h4 Rxh4 62. Ke6 Kg7 63. Kf5 Rh1 64. Nf3 Rf1 65. Kf4 Kf6 66. Kg3 Ra1 67. Kf4 Ra4+ 68. Kg3 Ke6 69. Kh4 Kd5 70. Kh5 Ke4 71. Nh4 Kf4 72. Ng6+ Kg3 73. Kxh6 Kxg4 74. Kg7 Kg5 75. Kf7 Re4 76. Ne7 Re1 77. Nd5 Kf5 78. Ne7+ Ke5 79. Ng6+ Kd6 80. Kf6 Rf1+ 81. Kg5 Ke6 82. Nf4+ Ke5 83. Ng6+ Ke4 84. Ne7 Rf7 85. Ng6 Rf5+ 86. Kh6 Rf6 87. Kg5 Rf7 88. Kg4 Rf6 89. Kg5 Rf5+ 90. Kh6 Ra5 91. Kg7 Kf5 92. Kf7 Ra7+ 93. Ne7+ Ke5 94. Ke8 Ke6 95. Nc8 Rd7 96. Nb6 Rd1 97. Nc8 Rd2 98. Nb6 Rd6 99. Nc8 Rd7 100. Nb6 Rh7 101. Kd8 Rg7 102. Nc8 Rb7 103. Ke8 1/2-1/2

[Event "Karlsruhe Grenke op"]
[Site "Karlsruhe"]
[Date "2018.03.30"]
[Round "2"]
[White "Mohebbi, Jaffar"]
[Black "Buhmann, Rainer"]
[Result "0-1"]
[WhiteElo "2263"]
[BlackElo "2588"]
[PlyCount "64"]
[EventDate "2018.03.29"]
[EventType "swiss"]
[EventRounds "9"]
[EventCountry "GER"]
[SourceTitle "CBM 183 Extra"]
[Source "ChessBase"]
[SourceDate "2018.04.19"]
[SourceVersion "1"]
[SourceVersionDate "2018.04.19"]
[SourceQuality "1"]

1. Nf3 Nf6 2. g3 b5 3. d4 Bb7 4. Bg2 e6 5. 0-0 Be7 6. a4 b4 7. c4 bxc3 8. bxc3 c5 9. Ba3 0-0 10. Qb3 Qc7 11. Nbd2 Nc6 12. Bxc5 Bxc5 13. dxc5 Na5 14. Qa3 Rac8 15. Rfb1 Ba6 16. Nd4 Qxc5 17. Nb5 d5 18. e4 dxe4 19. Nxe4 Nxe4 20. Bxe4 f5 21. Bg2 Qxa3 22. Rxa3 Nc4 23. Ra2 Bxb5 24. axb5 Rf7 25. Re1 Nd6 26. Bc6 Re7 27. Ra4 Kf7 28. c4 Kf6 29. Rea1 Rcc7 30. c5 Nf7 31. Rc1 Ne5 32. Bg2 Red7 0-1

[Event "Verbandsliga Suedbaden 1718"]
[Site "Baden"]
[Date "2017.11.05"]
[Round "2.3"]
[White "Steiger, Wolfgang"]
[Black "Mohebbi, Jaffar"]
[Result "1/2-1/2"]
[WhiteElo "2268"]
[BlackElo "2263"]
[PlyCount "66"]
[EventDate "2017.10.08"]
[EventType "team-tourn"]
[EventRounds "9"]
[EventCountry "GER"]
[SourceTitle "EXT 2019"]
[Source "ChessBase"]
[SourceDate "2018.10.10"]
[SourceVersion "1"]
[SourceVersionDate "2018.10.10"]
[SourceQuality "1"]
[WhiteTeam "Gottmadingen"]
[BlackTeam "Baden-Baden IV"]
[WhiteTeamCountry "GER"]
[BlackTeamCountry "GER"]

1. c4 c5 2. Nc3 g6 3. g3 Bg7 4. Bg2 Nc6 5. Nf3 d6 6. 0-0 e5 7. a3 Nge7 8. Ne1 Be6 9. d3 h6 10. Nc2 d5 11. cxd5 Nxd5 12. Ne3 Nde7 13. Rb1 0-0 14. b4 cxb4 15. axb4 Rc8 16. Bd2 b6 17. Re1 f5 18. b5 Nd4 19. Nc4 e4 20. Rb4 Qd7 21. Qb1 Bxc4 22. Rxc4 Rxc4 23. dxc4 Nf3+ 24. exf3 Qxd2 25. Ne2 Rc8 26. fxe4 Rxc4 27. exf5 Nxf5 28. Qd1 Rc2 29. Qxd2 Rxd2 30. Bf1 Rb2 31. Nf4 Bd4 32. Bc4+ Kh7 33. Re2 Rxe2 1/2-1/2

[Event "Verbandsliga Suedbaden 1617"]
[Site "Baden"]
[Date "2017.05.14"]
[Round "9.1"]
[White "Eiler, Joerg"]
[Black "Mohebbi, Jaffar"]
[Result "1/2-1/2"]
[WhiteElo "2118"]
[BlackElo "2268"]
[PlyCount "62"]
[EventDate "2016.10.09"]
[EventType "team-tourn"]
[EventRounds "9"]
[EventCountry "GER"]
[SourceTitle "EXT 2022"]
[Source "ChessBase"]
[SourceDate "2021.10.06"]
[SourceVersion "1"]
[SourceVersionDate "2021.10.06"]
[SourceQuality "1"]
[WhiteTeam "Hoerden"]
[BlackTeam "Baden Baden IV"]
[WhiteTeamCountry "GER"]
[BlackTeamCountry "GER"]

1. d4 d6 2. e4 Nf6 3. Nc3 e5 4. dxe5 dxe5 5. Qxd8+ Kxd8 6. Bc4 Be6 7. Bxe6 fxe6 8. Be3 Bb4 9. f3 Bxc3+ 10. bxc3 Nc6 11. Ne2 Na5 12. Rb1 Nc4 13. Kf2 b6 14. Rb4 Nd6 15. Nc1 a5 16. Rb1 Rf8 17. Ke2 h6 18. Nd3 Nc4 19. a4 Ke7 20. Rhd1 Rf7 21. Rf1 g5 22. Nf2 Rd8 23. Rfd1 Rff8 24. Rd3 Rd6 25. Rxd6 cxd6 26. Kd3 Nxe3 27. Kxe3 Nd7 28. Kd2 Rc8 29. Ng4 h5 30. Ne3 Rc5 31. c4 Rc6 1/2-1/2

[Event "Verbandsliga Suedbaden 1617"]
[Site "Baden"]
[Date "2016.10.09"]
[Round "1.2"]
[White "Fiderer, Lukas"]
[Black "Mohebbi, Jaffar"]
[Result "1-0"]
[WhiteElo "2296"]
[BlackElo "2268"]
[PlyCount "161"]
[EventDate "2016.10.09"]
[EventType "team-tourn"]
[EventRounds "9"]
[EventCountry "GER"]
[SourceTitle "EXT 2022"]
[Source "ChessBase"]
[SourceDate "2021.10.06"]
[SourceVersion "1"]
[SourceVersionDate "2021.10.06"]
[SourceQuality "1"]
[WhiteTeam "Baden Baden III"]
[BlackTeam "Baden Baden IV"]
[WhiteTeamCountry "GER"]
[BlackTeamCountry "GER"]

1. e4 c5 2. Nf3 Nc6 3. Bb5 g6 4. Bxc6 dxc6 5. h3 Bg7 6. d3 Nf6 7. 0-0 0-0 8. Nc3 Ne8 9. Be3 b6 10. Qd2 Nc7 11. Bh6 Ne6 12. Bxg7 Kxg7 13. Nh2 c4 14. Ng4 cxd3 15. Rfd1 Qc7 16. Qh6+ Kg8 17. Rxd3 Qf4 18. Qh4 h5 19. Ne2 Qg5 20. Qxg5 Nxg5 21. Ne5 c5 22. Nc3 Kg7 23. h4 Nh7 24. a4 Nf6 25. f3 Ba6 26. Nb5 Rfc8 27. Nc4 Kf8 28. e5 Ne8 29. Nca3 Bxb5 30. Nxb5 a6 31. Nc3 Nc7 32. Rad1 Ke8 33. a5 b5 34. Rd7 Ne6 35. Rb7 Rc7 36. Rb6 Nd4 37. Rd2 Rd7 38. Ne4 Ne6 39. Rxd7 Kxd7 40. Rb7+ Ke8 41. Kf2 Rd8 42. Ke3 Rd5 43. Ra7 Rxe5 44. f4 Rd5 45. Rxa6 Rd1 46. Nc3 Re1+ 47. Kd2 Rg1 48. Nxb5 Rxg2+ 49. Kc3 Rg3+ 50. Kc4 Rg4 51. Rb6 Kd7 52. a6 Rxf4+ 53. Kb3 Rb4+ 54. Ka3 Nc7 55. Nxc7 Kxc7 56. a7 Kxb6 57. a8Q Rxh4 58. Qd8+ Kc6 59. Qxe7 Rf4 60. Qe5 Rf5 61. Qe4+ Kd6 62. c3 Re5 63. Qf4 Ke6 64. b4 cxb4+ 65. Kxb4 g5 66. Qc4+ Kf6 67. Qc6+ Re6 68. Qf3+ Kg6 69. c4 g4 70. Qf4 Rf6 71. Qh2 Kg5 72. c5 h4 73. Qe5+ Kg6 74. c6 Rxc6 75. Qe4+ f5 76. Qxc6+ Kg5 77. Qc1+ Kh5 78. Qf4 Kg6 79. Kc4 h3 80. Kd4 Kf6 81. Qh6+ 1-0

[Event "Verbandsliga Suedbaden 1516"]
[Site "Baden"]
[Date "2015.12.13"]
[Round "4.2"]
[White "Weindl, Alfred"]
[Black "Mohebbi, Jaffar"]
[Result "1/2-1/2"]
[WhiteElo "2326"]
[BlackElo "2286"]
[PlyCount "179"]
[EventDate "2015.09.27"]
[EventType "team-tourn"]
[EventRounds "9"]
[EventCountry "GER"]
[SourceTitle "EXT 2022"]
[Source "ChessBase"]
[SourceDate "2021.10.06"]
[SourceVersion "1"]
[SourceVersionDate "2021.10.06"]
[SourceQuality "1"]
[WhiteTeam "Gottmadingen"]
[BlackTeam "Baden Baden IV"]
[WhiteTeamCountry "GER"]
[BlackTeamCountry "GER"]

1. Nf3 d6 2. d4 Bg4 3. c3 c6 4. e4 Nf6 5. Qb3 Qb6 6. Nbd2 Qxb3 7. axb3 Bxf3 8. gxf3 Nbd7 9. Nc4 d5 10. Na5 dxe4 11. fxe4 e5 12. Nxb7 exd4 13. Bg2 Nc5 14. Nxc5 Bxc5 15. Ra5 Bb6 16. Re5+ Kf8 17. Bh3 h6 18. 0-0 g6 19. Rd1 Rd8 20. cxd4 Rxd4 21. Rxd4 Bxd4 22. Ra5 Nxe4 23. Be3 Bb6 24. Ra4 Nf6 25. Bg2 Nd5 26. Bxd5 cxd5 27. Bd4 Bxd4 28. Rxd4 Ke7 29. Rxd5 Rb8 30. Ra5 Rxb3 31. Rxa7+ Ke6 32. Ra5 Rxb2 33. Kg2 Re2 34. h3 Re5 35. Ra6+ Kf5 36. Ra7 f6 37. Ra6 Rb5 38. Rc6 g5 39. Ra6 h5 40. Rc6 Rb4 41. Rc5+ Kg6 42. Rc8 h4 43. Ra8 Kf5 44. Ra5+ Kf4 45. Ra6 f5 46. Rh6 Rb8 47. Ra6 Re8 48. Rh6 Ke5 49. Rg6 Kf4 50. Rh6 Rg8 51. Ra6 g4 52. Ra4+ Kg5 53. Ra5 Kf6 54. Ra6+ Kg5 55. Ra4 Re8 56. Ra7 Re4 57. Ra8 Re6 58. Rh8 Ra6 59. hxg4 fxg4 60. Rg8+ Rg6 61. Ra8 Rf6 62. Ra5+ Rf5 63. Ra3 Re5 64. Ra4 Re2 65. Ra8 Re5 66. Ra4 Rd5 67. Rb4 h3+ 68. Kg3 Rd3+ 69. Kh2 Kf5 70. Ra4 Rd1 71. Ra8 Rd5 72. Ra4 Kg5 73. Rb4 Rf5 74. Kg1 Rf4 75. Rb8 Rf5 76. Rb4 Kh4 77. Rb3 Rc5 78. Rb8 Rc4 79. Rh8+ Kg5 80. Rf8 Rf4 81. Re8 Kf5 82. Ra8 Rd4 83. Ra3 Rd1+ 84. Kh2 Rf1 85. Ra5+ Kf4 86. Ra4+ Kf3 87. Ra3+ Kxf2 88. Ra2+ Kf3 89. Ra3+ Kf4 90. Ra4+ 1/2-1/2

[Event "Verbandsliga Suedbaden 1415"]
[Site "Baden"]
[Date "2014.12.14"]
[Round "4.2"]
[White "Mohebbi, Jaffar"]
[Black "Brennenstuhl, Oliver"]
[Result "1-0"]
[WhiteElo "2292"]
[BlackElo "2048"]
[PlyCount "89"]
[EventDate "2014.10.12"]
[EventType "team-tourn"]
[EventRounds "9"]
[EventCountry "GER"]
[SourceTitle "EXT 2022"]
[Source "ChessBase"]
[SourceDate "2021.10.06"]
[SourceVersion "1"]
[SourceVersionDate "2021.10.06"]
[SourceQuality "1"]
[WhiteTeam "Offenburg"]
[BlackTeam "Lahr"]
[WhiteTeamCountry "GER"]
[BlackTeamCountry "GER"]

1. d4 d5 2. Nf3 Nc6 3. Bf4 Bg4 4. e3 e6 5. c4 Bd6 6. Bxd6 Qxd6 7. Nc3 Nge7 8. h3 Bxf3 9. gxf3 dxc4 10. Bxc4 0-0-0 11. f4 Nf5 12. Qa4 Qb4 13. Qxb4 Nxb4 14. Rc1 Kb8 15. Ke2 Nd5 16. Bd3 Nxc3+ 17. bxc3 Ne7 18. Rb1 Rd6 19. Rb3 Rhd8 20. Rhb1 Rb6 21. Be4 Rdd6 22. c4 Rxb3 23. Rxb3 c6 24. a4 Kc7 25. Rb1 Rd8 26. Bc2 g6 27. h4 h5 28. Be4 Rb8 29. a5 b5 30. axb6+ Rxb6 31. Ra1 Rb2+ 32. Kf3 Kb6 33. Bd3 Nf5 34. c5+ Kb7 35. Ke4 Rb3 36. Ba6+ Kb8 37. Ke5 Kc7 38. Kf6 Nxh4 39. Kxf7 Nf3 40. Be2 Nd2 41. Rxa7+ Rb7 42. Rxb7+ Kxb7 43. Kxg6 h4 44. Bg4 Ne4 45. Kh5 1-0

[Event "Verbandsliga Sued Baden 1314"]
[Site "Germany"]
[Date "2014.03.23"]
[Round "8.1"]
[White "Mohebbi, Jaffar"]
[Black "Schmidt Schaeffer, Sebastian"]
[Result "1/2-1/2"]
[WhiteElo "2297"]
[BlackElo "2365"]
[PlyCount "108"]
[EventDate "2013.10.20"]
[EventType "team-tourn"]
[EventRounds "9"]
[EventCountry "GER"]
[SourceTitle "EXT 2015"]
[Source "ChessBase"]
[SourceDate "2014.11.20"]
[SourceVersion "1"]
[SourceVersionDate "2014.11.20"]
[SourceQuality "1"]
[WhiteTeam "Offenburg"]
[BlackTeam "Brombach"]
[WhiteTeamCountry "GER"]
[BlackTeamCountry "GER"]

1. d4 f5 2. g3 Nf6 3. Bg2 e6 4. c4 d5 5. Nf3 Be7 6. 0-0 0-0 7. b3 c6 8. Ba3 Nbd7 9. Qc1 Ne4 10. e3 a5 11. Bxe7 Qxe7 12. Nc3 b6 13. cxd5 cxd5 14. Qb2 Ba6 15. Rfc1 Rac8 16. a3 Qd6 17. Nxe4 fxe4 18. Ne5 Nxe5 19. dxe5 Qe7 20. h4 Bb5 21. Bh3 Bd7 22. b4 Rxc1+ 23. Rxc1 axb4 24. axb4 Rc8 25. Rxc8+ Bxc8 26. Qc3 Qd7 27. b5 Kf7 28. Bg4 Bb7 29. Bh5+ g6 30. Be2 Ke8 31. h5 Kd8 32. hxg6 hxg6 33. Kg2 Qe7 34. Bg4 Kd7 35. Qa1 Kc7 36. Qh1 Bc8 37. Qh6 Qe8 38. Qg7+ Kb8 39. Be2 Bd7 40. Qf6 Kc7 41. g4 Qg8 42. Qe7 Qd8 43. Qa3 Kb7 44. Kg3 g5 45. Kg2 Bc8 46. f3 exf3+ 47. Bxf3 Qc7 48. Qa1 Qc5 49. Qd4 Bd7 50. Be2 Qc2 51. Kf3 Qb1 52. Qd3 Qh1+ 53. Kg3 Qg1+ 54. Kf3 Qh2 1/2-1/2

[Event "Verbandsliga Sued Baden 1314"]
[Site "Germany"]
[Date "2014.01.12"]
[Round "4.1"]
[White "Lerch, Patrice"]
[Black "Mohebbi, Jaffar"]
[Result "1-0"]
[WhiteElo "2383"]
[BlackElo "2331"]
[PlyCount "109"]
[EventDate "2013.10.20"]
[EventType "team-tourn"]
[EventRounds "9"]
[EventCountry "GER"]
[SourceTitle "EXT 2015"]
[Source "ChessBase"]
[SourceDate "2014.11.20"]
[SourceVersion "1"]
[SourceVersionDate "2014.11.20"]
[SourceQuality "1"]
[WhiteTeam "Lahr"]
[BlackTeam "Offenburg"]
[WhiteTeamCountry "GER"]
[BlackTeamCountry "GER"]

1. e4 c5 2. Nc3 e6 3. g3 d5 4. Bg2 dxe4 5. Nxe4 Be7 6. Ne2 Nf6 7. 0-0 Nxe4 8. Bxe4 Nd7 9. d4 Nf6 10. Bg2 0-0 11. c4 cxd4 12. Nxd4 Qb6 13. Nf3 Rd8 14. Qe2 Bd7 15. Be3 Qa5 16. Nd4 e5 17. Nb5 Bxb5 18. cxb5 Rd7 19. Rfd1 Rad8 20. Rxd7 Rxd7 21. Qc4 Qd8 22. a4 b6 23. h3 h6 24. a5 bxa5 25. Bc6 Rd1+ 26. Rxd1 Qxd1+ 27. Kh2 a4 28. Bxa7 Qd2 29. Qxa4 Qxb2 30. Be3 Nh7 31. Qa7 Qb4 32. Qb8+ Nf8 33. Qxe5 Ne6 34. b6 Bd6 35. Qb5 Qxb5 36. Bxb5 Kf8 37. Bc4 Nc5 38. Kg2 Ke7 39. Kf3 Nd7 40. Ke4 g6 41. Kd5 f5 42. Kc6 Ne5+ 43. Kb5 g5 44. Bb3 Nd3 45. Ka6 f4 46. gxf4 gxf4 47. Bd4 Kd7 48. Ba4+ Ke6 49. b7 Kd5 50. Ba7 f3 51. Kb5 Nf4 52. Bb3+ Ke5 53. b8Q Bxb8 54. Bxb8+ Ke4 55. Bxf4 1-0

[Event "Verbandsliga Sued Baden 1314"]
[Site "Germany"]
[Date "2013.10.20"]
[Round "1.2"]
[White "Herbrechtsmeier, Christof"]
[Black "Mohebbi, Jaffar"]
[Result "1/2-1/2"]
[WhiteElo "2324"]
[BlackElo "2326"]
[PlyCount "77"]
[EventDate "2013.10.20"]
[EventType "team-tourn"]
[EventRounds "9"]
[EventCountry "GER"]
[SourceTitle "EXT 2015"]
[Source "ChessBase"]
[SourceDate "2014.11.20"]
[SourceVersion "1"]
[SourceVersionDate "2014.11.20"]
[SourceQuality "1"]
[WhiteTeam "Emmendingen"]
[BlackTeam "Offenburg"]
[WhiteTeamCountry "GER"]
[BlackTeamCountry "GER"]

1. e4 c5 2. Nf3 Nc6 3. d4 cxd4 4. Nxd4 e5 5. Nb5 d6 6. N1c3 a6 7. Na3 b5 8. Nd5 Nge7 9. Bg5 h6 10. Qh5 hxg5 11. Qxh8 Nxd5 12. exd5 Qa5+ 13. c3 b4 14. Nc4 Qxd5 15. Rd1 Qe4+ 16. Be2 Qxg2 17. Rf1 bxc3 18. bxc3 Be6 19. Nxd6+ Ke7 20. Qh5 e4 21. f4 Rd8 22. Nc4 g6 23. Qxg5+ Qxg5 24. fxg5 Bg7 25. Rxd8 Nxd8 26. Kd2 Nb7 27. Ne3 Bxa2 28. Bxa6 Nc5 29. Bb5 Be6 30. h4 f5 31. gxf6+ Bxf6 32. Rh1 Bf7 33. Be2 Na4 34. c4 Bc3+ 35. Kc2 Bd4 36. Ng2 Kd6 37. Rf1 Be6 38. Nf4 Bf5 39. h5 1/2-1/2

[Event "Montpellier op 19th"]
[Site "Montpellier"]
[Date "2013.07.05"]
[Round "3"]
[White "Brochet, Philippe"]
[Black "Mohebbi, Jaffar"]
[Result "1-0"]
[WhiteElo "2396"]
[BlackElo "2294"]
[PlyCount "139"]
[EventDate "2013.07.05"]
[EventType "swiss"]
[EventRounds "9"]
[EventCountry "FRA"]
[SourceTitle "EXT 2014"]
[Source "ChessBase"]
[SourceDate "2013.11.20"]
[SourceVersion "1"]
[SourceVersionDate "2013.11.20"]
[SourceQuality "1"]

1. e4 d6 2. Nc3 c5 3. d4 cxd4 4. Qxd4 Nc6 5. Bb5 Bd7 6. Bxc6 bxc6 7. f4 Qb6 8. Qd3 e6 9. Nf3 d5 10. Be3 Bc5 11. Bxc5 Qxc5 12. Ne5 Nf6 13. 0-0-0 0-0 14. g4 Bc8 15. g5 Nd7 16. Nxd7 Bxd7 17. h4 f5 18. gxf6 Rxf6 19. Qg3 Raf8 20. exd5 exd5 21. Ne4 dxe4 22. Rxd7 Rg6 23. Qb3+ Kh8 24. h5 Rg1+ 25. Rxg1 Qxg1+ 26. Rd1 Qg4 27. Qe3 Qxh5 28. Qxe4 Qf7 29. Kb1 h6 30. Qxc6 Qxf4 31. c4 Qf5+ 32. Ka1 Rc8 33. Qa4 Qg4 34. Rc1 h5 35. Qc2 Rc5 36. b4 Qd4+ 37. Kb1 Rg5 38. Rd1 Qb6 39. a3 Rg1 40. c5 Rxd1+ 41. Qxd1 Qg6+ 42. Qc2 Qc6 43. a4 a6 44. Qc4 Kh7 45. b5 axb5 46. axb5 Qh1+ 47. Kb2 Qh2+ 48. Kb3 Qg3+ 49. Ka4 Qg4 50. Qxg4 hxg4 51. c6 g3 52. c7 g2 53. c8Q g1Q 54. Qh3+ Kg6 55. Qe6+ Kh5 56. b6 g5 57. Qh3+ Kg6 58. Qd3+ Kf6 59. Qd6+ Kf5 60. Qd5+ Kf4 61. b7 Qa7+ 62. Kb5 Qb8 63. Qc4+ Kf3 64. Qd5+ Kf4 65. Kb6 g4 66. Qf7+ Ke3 67. Qc7 Qg8 68. Qg3+ Ke4 69. b8Q Qe6+ 70. Qbd6 1-0

[Event "Verbandsliga Nord Baden 1213"]
[Site "Baden"]
[Date "2012.10.21"]
[Round "1.1"]
[White "Werner, Clemens"]
[Black "Mohebbi, Jaffar"]
[Result "1/2-1/2"]
[WhiteElo "2305"]
[BlackElo "2294"]
[PlyCount "60"]
[EventDate "2012.10.21"]
[EventType "team-tourn"]
[EventRounds "9"]
[EventCountry "GER"]
[SourceTitle "EXT 2014"]
[Source "ChessBase"]
[SourceDate "2013.11.20"]
[SourceVersion "1"]
[SourceVersionDate "2013.11.20"]
[SourceQuality "1"]
[WhiteTeam "Karlsruhe II"]
[BlackTeam "Slavija KA"]
[WhiteTeamCountry "GER"]
[BlackTeamCountry "GER"]

1. e4 d6 2. d4 Nf6 3. Nc3 e5 4. dxe5 dxe5 5. Qxd8+ Kxd8 6. Bg5 Be6 7. 0-0-0+ Nbd7 8. Nf3 Kc8 9. Bd3 Bc5 10. Bh4 Ng4 11. Rhf1 f6 12. h3 Nh6 13. Nd2 g5 14. Bg3 Nb6 15. f3 Nf7 16. Nb3 Be3+ 17. Kb1 Nd7 18. Rfe1 Bb6 19. Na4 Nd6 20. Re2 Kd8 21. h4 h6 22. Rh1 Ke7 23. Be1 c5 24. c4 Nxc4 25. Bf2 Na3+ 26. bxa3 c4 27. Bc2 Bxf2 28. Rxf2 cxb3 29. axb3 Rac8 30. Kb2 b5 1/2-1/2